Plantation labour act 1951 and social cost-The case of tea industry (Record no. 44577)

MARC details
000 -LEADER
fixed length control field 00422nam a2200133Ia 4500
082 ## - DEWEY DECIMAL CLASSIFICATION NUMBER
Classification number 338.43.01
Item number NRP.26
100 ## - MAIN ENTRY--AUTHOR NAME
Personal name JOHN, J
245 #0 - TITLE STATEMENT
Title Plantation labour act 1951 and social cost-The case of tea industry
260 ## - PUBLICATION, DISTRIBUTION, ETC. (IMPRINT)
Place of publication Thiruvananthapuram
Name of publisher Centre for Development Studies
Year of publication 2013
490 ## - SERIES STATEMENT
Series statement NRPPD Discussion paper No.26
700 ## - ADDED ENTRY--PERSONAL NAME
Personal name MANSINGH, Pallavi
942 ## - ADDED ENTRY ELEMENTS (KOHA)
Koha item type Books
Holdings
Withdrawn status Lost status Damaged status Not for loan Home library Current library Date acquired Source of acquisition Full call number Accession Number Koha item type
        RRII Library RRII Library 16/12/2021 Gift 338.43.01 NRP.26 G01322 Books